Statistics for Daily Country Riddle #46

Click here to take the quiz!

General Stats

  • This quiz has been taken 115 times
  • The average score is 13 of 17

Answer Stats

TypeAnswer% Correct
Found LetterA
100%
Found LetterI
97%
Found LetterM
87%
Found LetterN
87%
Found LetterR
84%
Found LetterS
81%
Found LetterU
81%
Correctly Placed LetterI
79%
Correctly Placed LetterR
78%
Correctly Placed LetterA
77%
Found LetterE
77%
Correctly Placed LetterS
66%
Correctly Placed LetterU
66%
Correctly Placed LetterE
65%
Correctly Placed LetterM
62%
Correctly Placed LetterN
62%
Mystery CountrySuriname
62%

Score Distribution

Percentile by Number Answered

Percent of People with Each Score

Your Score History

You have not taken this quiz